000 00933nac a22001691u 4500
008 100719t le||||| |||| 00| 0 ara d
082 _a103
_bص ل ي
100 _aصليبا ، جميل
_916420
245 _aالمعجم الفلسفي :
_bبالالفاظ العربية والفرنسية والانكليزية واللاتينية /
_cصليبا جميل
260 _aبيروت :
_bدار الكتاب اللبنانى،1971
_c1971.
300 _a765 ص؛
_c24 سم
541 _aالف باء ؛
_cشراء ؛
650 _aالفلسفة
_916421
_vمعاجم
942 _cBB
_k103ص ل ي
_2ddc
999 _c7027
_d7027